| Tag |
First Indicator |
Second Indicator |
Subfields |
| LEADER |
00000nam a2200000Ia 4500 |
| 001 |
in00004331663 |
| 005 |
20200812091550.0 |
| 006 |
m g d |
| 007 |
cr bn |||a|bb| |
| 008 |
031028s1683 enk o 000 0 eng d |
| 035 |
|
|
|a (OCoLC)53299017
|
| 040 |
|
|
|a EAE
|c EAE
|e dcrb
|
| 037 |
|
|
|a CL0037000122
|b ProQuest Information and Learning. 300 N. Zeeb Rd., Ann Arbor, MI 48106
|
| 090 |
|
|
|a BT732.7
|b .C6 1683
|
| 049 |
|
|
|a UMIA
|
| 245 |
0 |
0 |
|a Counsel for sufferers, or Helps under sufferings from [sic].
|
| 246 |
3 |
0 |
|a Helps under sufferings from
|
| 260 |
|
|
|a London :
|b printed, for Joseph Hall ...,
|c 1683.
|
| 300 |
|
|
|a 1 online resource (56 pages)
|
| 336 |
|
|
|a text
|b txt
|2 rdacontent
|
| 337 |
|
|
|a computer
|b c
|2 rdamedia
|
| 338 |
|
|
|a online resource
|b cr
|2 rdacarrier
|
| 500 |
|
|
|a Wing C6514B
|
| 500 |
|
|
|a Reproduction of original in: National Library of Scotland
|
| 510 |
4 |
|
|a Wing (2nd edition)
|c C6514B
|
| 533 |
|
|
|a Electronic reproduction.
|b Ann Arbor, Mich. :
|c UMI,
|d 1999-
|f (Early English books online)
|n Digital version of: (Early English Books, 1641-1700 ; 2803:6)
|7 s1999 miun s
|
| 650 |
|
0 |
|a Suffering
|x Religious aspects
|x Christianity
|v Early works to 1800.
|
| 830 |
|
0 |
|a Early English books online.
|
| 856 |
4 |
0 |
|u http://proxy.library.tamu.edu/login?url=https://search.proquest.com/docview/2240875321
|z Connect to the full text of this electronic book
|t 0
|
| 999 |
f |
f |
|s 6fd7dfb9-0fd4-3e3e-bc6f-d657612b1c49
|i c24deeb2-9b61-3e98-9684-458f6d5dd829
|t 0
|
| 952 |
f |
f |
|a Texas A&M University
|b College Station
|c Electronic Resources
|d Available Online
|t 0
|e BT732.7 .C6 1683
|h Library of Congress classification
|
| 998 |
f |
f |
|a BT732.7 .C6 1683
|t 0
|l Available Online
|